[Event "Snorlax # 19"]
[Site "SchemingMind.com"]
[Date "2009.01.10"]
[Round "-"]
[White "keen"]
[Black "Joe Daudish"]
[Result "1-0"]
[WhiteCountry "SCO"]
[BlackCountry "USA"]
[WhiteElo "1650"]
[WhiteRD "57"]
[BlackElo "1720"]
[BlackRD "45"]
[GameID "187311"]

1. c4 e6 2. Nf3 c6 3. Nc3 d5 4. e3 Nf6 5. d4 Be7 6. Bd3 dxc4 7. Bxc4 Nbd7 8. O-O b5 9. Bd3 Bb7 10. e4 Nb6
11. Qc2 O-O 12. e5 g6 13. exf6 Bxf6 14. Be3 a6 15. Ne4 Bg7 16. Nc5 Qc7 17. Rac1 Rac8 18. Nxb7 Qxb7 19. h4 Nd5 20. Bd2 Qe7
21. h5 Nb4 22. Bxb4 Qxb4 23. hxg6 hxg6 24. Rcd1 Qe7 25. Ne5 Bxe5 26. dxe5 c5 27. Bxg6 fxg6 28. Qxg6+ Kh8 29. Rd3 Qg7 30. Qxe6 Qf7
31. Rh3+ Kg7 32. Qh6+ Kg8 33. Qh8#
1-0

[Event "Snorlax # 19"]
[Site "SchemingMind.com"]
[Date "2009.01.10"]
[Round "-"]
[White "Joe Daudish"]
[Black "keen"]
[Result "1/2-1/2"]
[WhiteCountry "USA"]
[BlackCountry "SCO"]
[WhiteElo "1721"]
[WhiteRD "47"]
[BlackElo "1638"]
[BlackRD "56"]
[GameID "187312"]

1. d4 Nf6 2. Nf3 e6 3. Bf4 b6 4. h3 Be7 5. e3 Bb7 6. Be2 O-O 7. O-O d6 8. c3 Nbd7 9. Nbd2 c5 10. Qc2 cxd4
11. exd4 Re8 12. Rfe1 Bf8 13. Bd3 Nb8 14. Ne4 g6 15. Nxf6+ Qxf6 16. Bg5 Qg7 17. Be4 d5 18. Bd3 Nd7 19. Re2 Be7 20. Qd2 Bd6
21. Rae1 a6 22. a3 Bc6 23. Bh6 Qf6 24. Bg5 Qg7 25. Bh6 Qf6 26. Bg5 Qg7 27. Bh6 Qf6 28. Bg5=
1/2-1/2

[Event "Snorlax # 19"]
[Site "SchemingMind.com"]
[Date "2009.01.25"]
[Round "-"]
[White "MarketTheHay"]
[Black "keen"]
[Result "1-0"]
[WhiteCountry "ENG"]
[BlackCountry "SCO"]
[WhiteElo "1910"]
[WhiteRD "68"]
[BlackElo "1650"]
[BlackRD "57"]
[GameID "189093"]

1. e4 c5 2. Nf3 d6 3. d4 cxd4 4. Nxd4 Nc6 5. Nc3 Nf6 6. Be3 g6 7. Be2 Bg7 8. O-O O-O 9. h3 a6 10. Qd2 Bd7
11. Rad1 Nxd4 12. Bxd4 Rc8 13. Bf3 Bc6 14. Rfe1 Qc7 15. Nd5 Bxd5 16. exd5 Qxc2 17. Qxc2 Rxc2 18. Rxe7 Rfc8 19. Rxb7 h5 20. Ra7 Rc1
21. Rxc1 Rxc1+ 22. Kh2 Rc4 23. Bc3 Rc5 24. Rxa6 Nxd5 25. Bxg7 Kxg7 26. Rxd6 Nb4 27. a3 Nc2 28. Rc6 Rxc6 29. Bxc6 Kf6 30. Kg3 g5
31. h4 Nd4 32. hxg5+ Kxg5 33. Ba4 Ne2+ 34. Kh2 Kf4 35. b4 Nd4 36. b5
1-0

[Event "Snorlax # 19"]
[Site "SchemingMind.com"]
[Date "2009.01.26"]
[Round "-"]
[White "MarketTheHay"]
[Black "Joe Daudish"]
[Result "1/2-1/2"]
[WhiteCountry "ENG"]
[BlackCountry "USA"]
[WhiteElo "1874"]
[WhiteRD "67"]
[BlackElo "1698"]
[BlackRD "45"]
[GameID "189094"]

1. e4 e6 2. d4 d5 3. Nc3 Ne7 4. Bd3 dxe4 5. Nxe4 Ng6 6. Nf3 Be7 7. O-O Nd7 8. Be3 b6 9. Re1 Bb7 10. Qe2 O-O
11. Rad1 Nf6 12. Bc1 Nxe4 13. Bxe4 Bxe4 14. Qxe4 Bf6 15. c3 Qd6 16. Ne5 Bxe5 17. dxe5 Qe7 18. Rd3 Rad8 19. Red1 Rxd3 20. Rxd3 Rd8
21. Rxd8+ Qxd8 22. Qd4 Qe7 23. b4 Qe8 24. f4 Ne7 25. c4 g6 26. g4 Nc6 27. Qd2 Qd8 28. Qxd8+ Nxd8 29. c5 Kf8 30. Kf2 Ke7
31. Ke3 a6 32. Ke4 Nc6 33. a3 b5 34. Bd2 Nd8 35. f5 c6 36. Bg5+ Kd7 37. Kf4 Nb7 38. h4 a5 39. Ke4 axb4 40. axb4 Nd8
41. fxg6 fxg6 42. h5 Nf7 43. Kf4 Ke8 44. Bf6=
1/2-1/2

[Event "Snorlax # 19"]
[Site "SchemingMind.com"]
[Date "2009.01.25"]
[Round "-"]
[White "keen"]
[Black "MarketTheHay"]
[Result "0-1"]
[WhiteCountry "SCO"]
[BlackCountry "ENG"]
[WhiteElo "1650"]
[WhiteRD "57"]
[BlackElo "1910"]
[BlackRD "68"]
[GameID "189095"]

1. d4 Nf6 2. e3 g6 3. Bd3 d6 4. Nd2 Bg7 5. f4 Nbd7 6. Ngf3 O-O 7. O-O Re8 8. h3 e5 9. f5 e4 10. fxg6 hxg6
11. Nxe4 Nxe4 12. Bxe4 Rxe4 13. c3 b6 14. Ng5 Re7 15. Qf3 Bf6 16. Nxf7 Rxf7 17. Qxa8 Ba6 18. Qxd8+ Bxd8 19. Rxf7 Kxf7 20. Bd2 d5
21. Re1 Nf6 22. b3 Ne4 23. Bc1 Bh4
0-1

[Event "Snorlax # 19"]
[Site "SchemingMind.com"]
[Date "2009.01.26"]
[Round "-"]
[White "Joe Daudish"]
[Black "MarketTheHay"]
[Result "0-1"]
[WhiteCountry "USA"]
[BlackCountry "ENG"]
[WhiteElo "1720"]
[WhiteRD "45"]
[BlackElo "1910"]
[BlackRD "68"]
[GameID "189096"]

1. d4 Nf6 2. Nf3 g6 3. Bf4 d6 4. h3 Bg7 5. e3 O-O 6. Bc4 h6 7. O-O Nbd7 8. Nbd2 Re8 9. c3 Nb6 10. Bb3 Bd7
11. Re1 Nh7 12. Nc4 Nxc4 13. Bxc4 a5 14. a3 c6 15. e4 e5 16. dxe5 dxe5 17. Be3 b5 18. Bb3 Be6 19. Bxe6 Rxe6 20. Qc2 Qc7
21. Red1 Rd8 22. Kf1 Nf8 23. Ke2 Red6 24. Rxd6 Qxd6 25. Rd1 Qxd1+ 26. Qxd1 Rxd1 27. Kxd1 Ne6 28. g3 c5 29. Kc2 f5 30. exf5 gxf5
31. Ne1 f4 32. Bd2 c4 33. b4 a4 34. Nf3 Kf7 35. g4 Bf6 36. Kd1 Kg6 37. Ke2 e4 38. Ne1 Kg5 39. f3 e3 40. Ng2 exd2
41. Kxd2 Be5 42. h4+ Kg6 43. Ne1 Nc7
0-1

[Event "Snorlax # 19"]
[Site "SchemingMind.com"]
[Date "2009.02.06"]
[Round "-"]
[White "Phillip Beckett"]
[Black "MarketTheHay"]
[Result "0-1"]
[WhiteCountry "ENG"]
[BlackCountry "ENG"]
[WhiteElo "1646"]
[WhiteRD "61"]
[BlackElo "1910"]
[BlackRD "68"]
[GameID "190963"]

1. d4 g6 2. e3 Bg7 3. Bd3 d6 4. f4 Nd7 5. Nf3 a6 6. c3 e6 7. O-O Ne7 8. e4 b5 9. Nbd2 Bb7 10. e5 d5
11. h3 c5 12. g4 Qc7 13. f5 gxf5 14. gxf5 O-O-O 15. f6 Nxf6 16. exf6 Qg3+ 17. Kh1 Bxf6 18. Qe2 cxd4 19. Qg2 Qxg2+ 20. Kxg2 dxc3
21. bxc3 Bxc3 22. Rb1 d4 23. Ba3 Nd5 24. Ne4 Nf4+
0-1

[Event "Snorlax # 19"]
[Site "SchemingMind.com"]
[Date "2009.02.06"]
[Round "-"]
[White "Phillip Beckett"]
[Black "keen"]
[Result "1-0"]
[WhiteCountry "ENG"]
[BlackCountry "SCO"]
[WhiteElo "1646"]
[WhiteRD "61"]
[BlackElo "1650"]
[BlackRD "57"]
[GameID "190964"]

1. d4 d5 2. e3 Nf6 3. f4 e6 4. Nf3 c5 5. c3 Nc6 6. Ne5 Ne4 7. g3 Be7 8. Bd3 cxd4 9. exd4 Nd6 10. O-O O-O
11. Nd2 f6 12. Nxc6 bxc6 13. Nf3 Bd7 14. Qc2 h6 15. Nh4 f5 16. Ng6 Re8 17. Nxe7+ Rxe7 18. b3 Qe8 19. Ba3 Qb8 20. c4 Rf7
21. c5 Nb5 22. Bb2 g5 23. fxg5 hxg5 24. Qd2 Rg7 25. Qe3 f4 26. Qe2 a6 27. gxf4 gxf4+ 28. Kh1 Qf8 29. Rg1 Kf7 30. Rxg7+ Qxg7
31. Rg1 Qf6 32. Qh5+ Ke7 33. Qh7+ Kd8 34. Rg6 Qe7 35. Rg8+ Be8 36. Qh6 Rc8 37. Bg6 Nc7 38. Bxe8 Nxe8 39. Qxf4 Kd7 40. Rf8 Nf6
41. Rxf6
1-0

[Event "Snorlax # 19"]
[Site "SchemingMind.com"]
[Date "2009.02.06"]
[Round "-"]
[White "Phillip Beckett"]
[Black "Joe Daudish"]
[Result "1-0"]
[WhiteCountry "ENG"]
[BlackCountry "USA"]
[WhiteElo "1646"]
[WhiteRD "61"]
[BlackElo "1720"]
[BlackRD "45"]
[GameID "190965"]

1. d4 d5 2. e3 e6 3. Bd3 Nf6 4. f4 Be7 5. Nd2 c5 6. c3 Nc6 7. Ngf3 Bd7 8. Ne5 c4 9. Bc2 b5 10. O-O a5
11. Ndf3 O-O 12. Nxd7 Nxd7 13. Ne5 Ncxe5 14. fxe5 f5 15. exf6 Rxf6 16. Rxf6 Bxf6 17. e4 Bg5 18. exd5 exd5 19. Qh5 h6 20. Bxg5 Qxg5
21. Qxg5 hxg5 22. Re1 Nf6 23. Re5 g4 24. Kf2 Kf7 25. Bf5 Ra6 26. Kg3 b4 27. Bxg4 bxc3 28. bxc3 Ne4+ 29. Kh4 Nxc3 30. Bh5+ g6
31. Bf3 Nxa2 32. Bxd5+ Kf6 33. Bxc4 Nb4 34. Bxa6 Nxa6 35. Rxa5 Nb4 36. Rb5 Nd3 37. d5 Ne5 38. Rb6+ Kf5 39. d6 g5+ 40. Kh5 Nf7
41. d7 g4 42. Rb8
1-0

[Event "Snorlax # 19"]
[Site "SchemingMind.com"]
[Date "2009.02.07"]
[Round "-"]
[White "MarketTheHay"]
[Black "Phillip Beckett"]
[Result "1-0"]
[WhiteCountry "ENG"]
[BlackCountry "ENG"]
[WhiteElo "1910"]
[WhiteRD "68"]
[BlackElo "1646"]
[BlackRD "61"]
[GameID "190966"]

1. e4 e6 2. d4 d5 3. Nc3 Nf6 4. e5 Nfd7 5. Nce2 c5 6. c3 Nc6 7. f4 Qb6 8. Nf3 cxd4 9. Nexd4 Bc5 10. b4 Bxd4
11. Nxd4 Nxd4 12. Qxd4 Qxd4 13. cxd4 Nb6 14. a4 Bd7 15. Bd2 Nxa4 16. b5 Nb6 17. Bb4 f6 18. Bc5 Kf7 19. Rb1 Na4 20. Bd3 f5
21. O-O Nxc5 22. dxc5 Rhc8 23. Rfc1 h6 24. Kf2 g5 25. Kf3 gxf4 26. Kxf4 Rg8 27. g3 Rg4+ 28. Ke3 Rc8 29. b6 axb6 30. cxb6 Rxc1
31. Rxc1 Bc6 32. h3 Rb4 33. Rb1 Rxb1 34. Bxb1 Ke7 35. g4 fxg4 36. hxg4 Ba4 37. Kf4 Kd7 38. g5 hxg5+ 39. Kxg5 Kc6 40. Kf6 Kd7
41. Bd3 Bd1 42. Bb5+ Kd8 43. Kxe6 d4 44. Kd5 Ke7 45. Kxd4 Bf3 46. Bd3 Ke6 47. Be4 Bxe4 48. Kxe4 Ke7 49. Kd5 Kd7 50. e6+ Ke8
51. Kd6 Kd8 52. e7+ Ke8 53. Kc7
1-0

[Event "Snorlax # 19"]
[Site "SchemingMind.com"]
[Date "2009.02.06"]
[Round "-"]
[White "keen"]
[Black "Phillip Beckett"]
[Result "1-0"]
[WhiteCountry "SCO"]
[BlackCountry "ENG"]
[WhiteElo "1650"]
[WhiteRD "57"]
[BlackElo "1646"]
[BlackRD "61"]
[GameID "190967"]

1. d4 d5 2. e3 e6 3. Bd3 c5 4. c3 Nc6 5. Nd2 cxd4 6. cxd4 Bd6 7. f4 Nge7 8. Ngf3 f5 9. Ne5 Ng6 10. O-O O-O
11. Ndf3 Nh4 12. g3 Nxf3+ 13. Qxf3 Nxe5 14. fxe5 Be7 15. Bd2 a6 16. Rf2 Bd7 17. Raf1 Rc8 18. Qe2 Bc6 19. g4 fxg4 20. Rxf8+ Bxf8
21. Qxg4 Bd7 22. Qh5 g6 23. Bxg6 hxg6 24. Qxg6+ Bg7 25. Rf7 Be8 26. Qxg7#
1-0

[Event "Snorlax # 19"]
[Site "SchemingMind.com"]
[Date "2009.02.06"]
[Round "-"]
[White "Joe Daudish"]
[Black "Phillip Beckett"]
[Result "1/2-1/2"]
[WhiteCountry "USA"]
[BlackCountry "ENG"]
[WhiteElo "1720"]
[WhiteRD "45"]
[BlackElo "1646"]
[BlackRD "61"]
[GameID "190968"]

1. d4 e5 2. dxe5 Nc6 3. Nf3 Qe7 4. e3 Nxe5 5. Nbd2 d6 6. Nxe5 Qxe5 7. Nf3 Qh5 8. Be2 Bg4 9. h3 O-O-O 10. Nh2 Bxe2
11. Qxe2 Qxe2+ 12. Kxe2 g6 13. Rb1 Bg7 14. b3 Ne7 15. Rd1 Nc6 16. a3 Rhe8 17. Nf3 Ne5 18. Nxe5 Bxe5 19. Bb2 Bxb2 20. Rxb2 Re7
21. c4 Rde8 22. Rd3 f5 23. g3 Re4 24. f3 R4e6 25. h4 R8e7 26. Rbd2 h6 27. c5 Rd7 28. b4 Ree7 29. cxd6= Rxd6 30. Rxd6 cxd6
31. Rxd6 Rg7 32. h5 gxh5 33. Rxh6 Rxg3 34. Rxh5 Rg2+ 35. Kd3 Ra2 36. Rxf5 Rxa3+ 37. Kc4 Rxe3 38. Rf7 Re1 39. Kb5 a6+ 40. Kb6 Rb1
41. Kc5 Rc1+=
1/2-1/2

[Event "Snorlax # 19"]
[Site "SchemingMind.com"]
[Date "2009.02.09"]
[Round "-"]
[White "aadaam"]
[Black "MarketTheHay"]
[Result "0-1"]
[WhiteCountry "INT"]
[BlackCountry "ENG"]
[WhiteElo "1753"]
[WhiteRD "46"]
[BlackElo "1910"]
[BlackRD "68"]
[GameID "191536"]

1. d4 d5 2. c4 dxc4 3. e3 e5 4. Bxc4 exd4 5. exd4 Nf6 6. Nf3 Bd6 7. O-O O-O 8. Nc3 Bg4 9. h3 Bh5 10. Be2 Re8
11. Be3 Nbd7 12. Rc1 a6 13. Qb3 Qe7 14. Rfe1 Qf8 15. g4 Bg6 16. Nh4 Be4 17. Nxe4 Nxe4 18. Bd3 Ndf6 19. Nf5 b5 20. Nxd6 Qxd6
21. f4 Nd5 22. Qc2 Nxe3 23. Rxe3 Nf6 24. Rxe8+ Rxe8 25. Qf2 Nd5 26. f5 Ne3 27. a4 Qxd4 28. Rc3 Qxa4 29. Rxc7 Qd1+ 30. Kh2 Qxd3
0-1

[Event "Snorlax # 19"]
[Site "SchemingMind.com"]
[Date "2009.02.09"]
[Round "-"]
[White "aadaam"]
[Black "keen"]
[Result "1-0"]
[WhiteCountry "INT"]
[BlackCountry "SCO"]
[WhiteElo "1753"]
[WhiteRD "46"]
[BlackElo "1650"]
[BlackRD "57"]
[GameID "191537"]

1. d4 d5 2. c4 dxc4 3. e3 Nf6 4. Bxc4 c5 5. Nf3 e6 6. O-O Nc6 7. dxc5 Bxc5 8. Nc3 O-O 9. a3 a6 10. b4 Bb6
11. Qb3 Qc7 12. Bb2 Qe7 13. Rfd1 Bd7 14. Rd2 Rad8 15. Rad1 h6 16. Ne2 Ne4 17. Rd3 Bc8 18. Ned4 Bxd4 19. Nxd4 Nxd4 20. Bxd4 b5
21. Bxb5 axb5 22. f3 Nf6 23. Bc5 Rxd3 24. Rxd3 Qc7 25. Bxf8 Kxf8 26. Rc3 Qd7 27. Qc2 Nd5 28. Rxc8+ Ke7 29. Qc5+ Kf6 30. e4 Ne3
31. Qc3+ Ke7 32. Rc7
1-0

[Event "Snorlax # 19"]
[Site "SchemingMind.com"]
[Date "2009.02.10"]
[Round "-"]
[White "aadaam"]
[Black "Joe Daudish"]
[Result "1-0"]
[WhiteCountry "INT"]
[BlackCountry "USA"]
[WhiteElo "1753"]
[WhiteRD "46"]
[BlackElo "1720"]
[BlackRD "45"]
[GameID "191538"]

1. e4 e6 2. d4 d5 3. Nc3 Ne7 4. Bd3 dxe4 5. Nxe4 Ng6 6. Nf3 Be7 7. O-O O-O 8. c4 c6 9. Qc2 Nd7 10. Be3 Nf6
11. Rad1 Nxe4 12. Bxe4 Bd7 13. d5 Qb8 14. dxc6 Bxc6 15. Bxc6 bxc6 16. g3 Bf6 17. b3 Qc7 18. Rd3 Rfd8 19. Rfd1 Rxd3 20. Rxd3 a6
21. Qd2 Rd8 22. Kg2 Rxd3 23. Qxd3 h6 24. Nd4 Qb7 25. Kh3 Ne5 26. Qe4 Qd7 27. f4 Nxc4 28. bxc4 Bxd4 29. Qxd4 Qc8 30. g4 h5
31. Bd2 hxg4+ 32. Kg3 f5 33. Bc3 Qb7 34. Qd8+ Kf7 35. Qh8 Kg6 36. Qe8+ Kh7 37. Qxe6 g6 38. Qf6 c5 39. Qh8#
1-0

[Event "Snorlax # 19"]
[Site "SchemingMind.com"]
[Date "2009.02.09"]
[Round "-"]
[White "MarketTheHay"]
[Black "aadaam"]
[Result "1-0"]
[WhiteCountry "ENG"]
[BlackCountry "INT"]
[WhiteElo "1910"]
[WhiteRD "68"]
[BlackElo "1753"]
[BlackRD "46"]
[GameID "191540"]

1. e4 e6 2. d4 d5 3. Nc3 Bb4 4. e5 c5 5. a3 Bxc3+ 6. bxc3 Qa5 7. Bd2 Qa4 8. Nf3 Nc6 9. Qb1 a6 10. Qb3 Qxb3
11. cxb3 cxd4 12. cxd4 Nge7 13. g4 Bd7 14. Bd3 Rc8 15. Rc1 O-O 16. g5 Nf5 17. Bxf5 exf5 18. Ke2 f6 19. gxf6 gxf6 20. Bh6 Rf7
21. Rhg1+ Kh8 22. exf6 Rg8 23. Bg7+ Rfxg7 24. fxg7+ Rxg7 25. Rxg7 Kxg7 26. Kd3 Kf6 27. b4 Be8 28. Ne5 Nxe5+ 29. dxe5+ Kxe5 30. Re1+
1-0

[Event "Snorlax # 19"]
[Site "SchemingMind.com"]
[Date "2009.02.09"]
[Round "-"]
[White "keen"]
[Black "aadaam"]
[Result "1-0"]
[WhiteCountry "SCO"]
[BlackCountry "INT"]
[WhiteElo "1671"]
[WhiteRD "56"]
[BlackElo "1739"]
[BlackRD "49"]
[GameID "191541"]

1. d4 e6 2. e3 Nf6 3. Bd3 c5 4. c3 d5 5. Nd2 Nc6 6. f4 c4 7. Bc2 Bd7 8. Ngf3 Be7 9. O-O O-O 10. Ne5 Qc7
11. g4 Nxe5 12. fxe5 Ne8 13. Qf3 f6 14. Qh3 g6 15. Nf3 Ng7 16. Qh6 f5 17. g5 Nh5 18. Nh4 Rf7 19. Nxg6 hxg6 20. Qxg6+ Rg7
21. Qh6 Rxg5+ 22. Kh1 Be8 23. e4 Ng3+ 24. Kg1 Ne2+ 25. Kf2 Nxc1 26. Raxc1 Rg6 27. Rg1 fxe4 28. Rxg6+ Bxg6 29. Qxg6+ Kh8 30. Qh6+ Kg8
31. Rg1+ Kf7 32. Rg7+ Ke8 33. Ba4+
1-0

[Event "Snorlax # 19"]
[Site "SchemingMind.com"]
[Date "2009.02.10"]
[Round "-"]
[White "Joe Daudish"]
[Black "aadaam"]
[Result "0-1"]
[WhiteCountry "USA"]
[BlackCountry "INT"]
[WhiteElo "1698"]
[WhiteRD "45"]
[BlackElo "1739"]
[BlackRD "49"]
[GameID "191542"]

1. d4 Nf6 2. Nf3 g6 3. Bf4 Bg7 4. h3 d6 5. e3 O-O 6. Bc4 c5 7. c3 cxd4 8. exd4 Nc6 9. O-O b6 10. Nbd2 Bb7
11. Re1 Rc8 12. Nf1 Na5 13. Bd3 Nc4 14. Bxc4 Rxc4 15. Ne3 Rc8 16. a3 Nd5 17. Nxd5 Bxd5 18. Re3 e6 19. Qc2 Bxf3 20. Rxf3 e5
21. dxe5 dxe5 22. Bg3 f5 23. Rd3 Qf6 24. Rad1 Rcd8 25. Qe2 e4 26. Rd6 Rxd6 27. Rxd6 Qf7 28. Qb5 f4 29. Bh2 Re8 30. Qd5 Bh6
31. Qxf7+ Kxf7 32. Rd7+ Re7 33. Rxe7+ Kxe7 34. Kf1 g5 35. Ke2 Bg7 36. h4 h6 37. hxg5 hxg5 38. g3 Be5 39. gxf4 Bxf4 40. Bg1 Ke6
41. f3 exf3+ 42. Kxf3 Bc1 43. Be3 Bxe3 44. Kxe3 Kd5 45. b3 b5 46. Kf3 a5 47. Kg4 Ke4 48. Kxg5 Kd3 49. c4 bxc4 50. bxc4 Kxc4
51. Kf4 Kb3 52. a4 Kxa4 53. Ke3 Kb3 54. Kd2 Kb2 55. Kd3 a4 56. Kc4 a3 57. Kb4 a2 58. Kc4 a1=Q 59. Kd3 Qa4 60. Ke3 Kc2
61. Ke2 Qe4+
0-1

[Event "Snorlax # 19"]
[Site "SchemingMind.com"]
[Date "2009.02.09"]
[Round "-"]
[White "Phillip Beckett"]
[Black "aadaam"]
[Result "1-0"]
[WhiteCountry "ENG"]
[BlackCountry "INT"]
[WhiteElo "1646"]
[WhiteRD "61"]
[BlackElo "1753"]
[BlackRD "46"]
[GameID "191543"]

1. d4 e6 2. e3 Nf6 3. Bd3 c5 4. c3 Nc6 5. f4 d5 6. Nf3 c4 7. Bc2 Ne4 8. Nbd2 Nxd2 9. Bxd2 Bd6 10. O-O O-O
11. Ne5 f6 12. Nxc6 bxc6 13. e4 Qb6 14. e5 fxe5 15. fxe5 Bxe5 16. Rxf8+ Kxf8 17. Qf3+ Bf6 18. Rb1 Kg8 19. Bf4 Bd7 20. Qh5 h6
21. Qg6 Kf8 22. Bd6+ Be7 23. Rf1+
1-0

[Event "Snorlax # 19"]
[Site "SchemingMind.com"]
[Date "2009.02.14"]
[Round "-"]
[White "mapache"]
[Black "MarketTheHay"]
[Result "1/2-1/2"]
[WhiteCountry "URU"]
[BlackCountry "ENG"]
[WhiteElo "1865"]
[WhiteRD "88"]
[BlackElo "1874"]
[BlackRD "67"]
[GameID "191585"]

1. e4 e6 2. d4 d5 3. exd5 exd5 4. Nf3 Bd6 5. Be2 Bg4 6. O-O Ne7 7. Bg5 O-O 8. Re1 f6 9. Bh4 Ng6 10. Bg3 Nc6
11. c3 Nce7 12. Bxd6 Qxd6 13. Na3 Nf4 14. Nc2 Nf5 15. h3 Bh5 16. Ne3 Nxe3 17. fxe3 Nxe2+ 18. Qxe2 Rfe8 19. Qf2 Bg6 20. Nh4= Be4
21. Nf5 Qd7 22. Ng3 Bg6 23. Qf4 Qd6 24. Qxd6 cxd6 25. Nf1 Re7 26. g4 Rae8 27. Kf2 Bd3 28. Ng3 Kf7 29. Rad1 Bc4 30. a3 g6
31. Kf3 a5 32. Rd2 a4 33. Kf2 Kg7 34. Rdd1 Ba6= 35. Rd2 b5 36. Kf3 Bc8 37. Kg2 Rxe3 38. Rxe3 Rxe3 39. Re2 Re4 40. Nxe4 dxe4
41. Kg3 d5 42. Kf4 g5+ 43. Kg3 h5 44. Rg2 h4+ 45. Kh2 Kg6 46. Kg1=
1/2-1/2

[Event "Snorlax # 19"]
[Site "SchemingMind.com"]
[Date "2009.02.09"]
[Round "-"]
[White "mapache"]
[Black "keen"]
[Result "1-0"]
[WhiteCountry "URU"]
[BlackCountry "SCO"]
[WhiteElo "1865"]
[WhiteRD "88"]
[BlackElo "1671"]
[BlackRD "56"]
[GameID "191586"]

1. e4 d5 2. exd5 Qxd5 3. Nc3 Qa5 4. d3 Bf5 5. Bd2 c6 6. Nf3 Nf6 7. Be2 e6 8. Ne4 Qc7 9. Nxf6+ gxf6 10. Bc3 Be7
11. Nd4 Bg6 12. Bf3 Nd7 13. h4 O-O-O 14. h5 Bf5 15. Nxf5 exf5 16. Qd2 Nc5 17. Rh4 Rhg8 18. Qf4 Qd7 19. O-O-O Rg5 20. Qc4 b5
21. Qxf7 Rgg8 22. Bxc6 Qxc6 23. Qxe7 Rd7 24. Qxf6 Qxf6 25. Bxf6 Rxg2 26. Re1 Rxf2 27. Bd4 Rc7 28. Bxf2 Nxd3+ 29. Kd2 Nxf2 30. Re5 Ne4+
31. Kc1 Nd6 32. Rd4 Rd7 33. Red5 Kc7 34. Rc5+ Kd8 35. c3 h6 36. b3 Ke8 37. Rcd5 Ke7 38. Re5+ Kd8 39. Red5 Ke7 40. c4 bxc4
41. bxc4 Ke8 42. Rxd6
1-0

[Event "Snorlax # 19"]
[Site "SchemingMind.com"]
[Date "2009.02.10"]
[Round "-"]
[White "mapache"]
[Black "Joe Daudish"]
[Result "1-0"]
[WhiteCountry "URU"]
[BlackCountry "USA"]
[WhiteElo "1865"]
[WhiteRD "88"]
[BlackElo "1698"]
[BlackRD "45"]
[GameID "191587"]

1. e4 e6 2. d4 d5 3. Nc3 Ne7 4. e5 Ng6 5. Nf3 Be7 6. Bd3 c5 7. dxc5 Bxc5 8. Bxg6 hxg6 9. O-O Nc6 10. Bf4 b6
11. h3 Bb7 12. Re1 a5 13. Ne2 Ba6 14. Ned4 Nxd4 15. Nxd4 Qc7 16. c3 Rc8 17. b4 axb4 18. cxb4 Bxb4 19. Qa4+ Kf8 20. Qxb4+ Kg8
21. Rec1 Qb7 22. Rxc8+ Qxc8 23. Qxb6 Bc4 24. a4 Kh7 25. a5 Qa8 26. a6 Rb8 27. Qa5 Rc8 28. a7 Bd3 29. Be3 Be4 30. Qa6 Rc3
31. Rc1 Rxc1+ 32. Bxc1 f6 33. Qb6 Qc8 34. Qc6 Qxc6 35. Nxc6 d4 36. a8=Q
1-0

[Event "Snorlax # 19"]
[Site "SchemingMind.com"]
[Date "2009.02.09"]
[Round "-"]
[White "mapache"]
[Black "aadaam"]
[Result "0-1"]
[WhiteCountry "URU"]
[BlackCountry "INT"]
[WhiteElo "1748"]
[WhiteRD "108"]
[BlackElo "1753"]
[BlackRD "46"]
[GameID "191588"]

1. e4 e6 2. d4 d5 3. Nc3 Bb4 4. exd5 exd5 5. Bd2 Ne7 6. h3 Bf5 7. Nf3 O-O 8. Be2 c6 9. O-O Nd7 10. a3 Ba5
11. Nh4 Re8 12. Nxf5 Nxf5 13. Re1 Nxd4 14. Bd3 Rxe1+ 15. Qxe1 Nc5 16. Rc1 Nxd3 17. cxd3 Qd7 18. b4 Re8 19. Qd1 Bc7 20. Be3 Nf5
21. Bd2 Qd6 22. f4 Ne3 23. Bxe3 Rxe3 24. Ne2 Qg6 25. Kh1 Qxd3
0-1

[Event "Snorlax # 19"]
[Site "SchemingMind.com"]
[Date "2009.02.09"]
[Round "-"]
[White "mapache"]
[Black "Phillip Beckett"]
[Result "1/2-1/2"]
[WhiteCountry "URU"]
[BlackCountry "ENG"]
[WhiteElo "1748"]
[WhiteRD "108"]
[BlackElo "1646"]
[BlackRD "61"]
[GameID "191589"]

1. e4 e6 2. d4 d5 3. Nc3 Nf6 4. e5 Nfd7 5. Nce2 c5 6. c3 Nc6 7. Nf3 Qb6 8. Qc2 cxd4 9. cxd4 Bb4+ 10. Bd2 Bxd2+
11. Qxd2 O-O 12. Ng3 f6 13. exf6 Nxf6 14. Bd3 Bd7 15. O-O Rae8 16. b3 Nb4 17. Ne5 Nxd3 18. Qxd3 Bb5 19. Qe3 Bxf1 20. Nxf1 Ne4
21. Nd7 Qd6 22. Nxf8 Rxf8 23. f3 Nf6 24. Rc1 Re8 25. Rc2 Re7= 26. Nd2 e5 27. dxe5 Qxe5 28. Qxe5 Rxe5 29. Rc7 Re2 30. Nf1 Rxa2
31. Rxb7 Rb2 32. Rxa7 Rxb3= 33. Ra4 Rb1=
1/2-1/2

[Event "Snorlax # 19"]
[Site "SchemingMind.com"]
[Date "2009.02.14"]
[Round "-"]
[White "MarketTheHay"]
[Black "mapache"]
[Result "1/2-1/2"]
[WhiteCountry "ENG"]
[BlackCountry "URU"]
[WhiteElo "1874"]
[WhiteRD "67"]
[BlackElo "1865"]
[BlackRD "88"]
[GameID "191590"]

1. e4 c5 2. c3 Nf6 3. e5 Nd5 4. d4 e6 5. Be3 d6 6. dxc5 dxc5 7. c4 Nxe3 8. Qxd8+ Kxd8 9. fxe3 Nc6 10. Nf3 g6
11. Nc3 Bg7 12. Ne4 Nxe5 13. Nxe5 Bxe5 14. O-O-O+ Ke7 15. Nxc5 b6 16. Nd3 Bf6 17. Nf4 Bb7 18. Rg1 Rhd8 19. Be2 Rac8 20. Kb1 Rxd1+
21. Rxd1 g5 22. Nh5 Bxg2 23. Nxf6 Kxf6 24. b4 Ke7 25. Kb2 Be4 26. Kb3 f5 27. a4 Rc7 28. a5 f4 29. exf4 gxf4 30. Rd4 f3
31. Rxe4 fxe2 32. Rxe2 bxa5 33. bxa5 Kd6 34. Re4 e5 35. Rh4= Re7 36. Re4 Kc5 37. Kc3 Re6 38. h4 a6 39. Kb3 Re7=
1/2-1/2

[Event "Snorlax # 19"]
[Site "SchemingMind.com"]
[Date "2009.02.09"]
[Round "-"]
[White "keen"]
[Black "mapache"]
[Result "0-1"]
[WhiteCountry "SCO"]
[BlackCountry "URU"]
[WhiteElo "1671"]
[WhiteRD "56"]
[BlackElo "1865"]
[BlackRD "88"]
[GameID "191591"]

1. d4 Nf6 2. e3 d5 3. Bd3 g6 4. Nd2 Bg7 5. f4 Nc6 6. Ngf3 Bg4 7. h3 Bxf3 8. Qxf3 Nb4 9. g4 Nxd3+ 10. cxd3 Qd7
11. Nb3 Qb5 12. Qe2 h5 13. g5 Nd7 14. Bd2 Nb6 15. O-O O-O 16. Rac1 Nc8 17. Rxc7 Re8 18. f5 Qb6 19. Ba5 Qd6 20. f6 exf6
21. gxf6 b6 22. Rc2 Bh6 23. Bd2 Qg3+ 24. Qg2 Qxg2+ 25. Kxg2 Nd6 26. Rc6 Re6 27. Rf3 Rae8 28. Kf2 Ne4+ 29. Ke2 Rxc6 30. dxe4 dxe4
31. Rg3 Rc2 32. Kd1 Rxb2 33. Kc1 Rxa2 34. Kb1 Ra4 35. Rg1 Rc4 36. Re1 Bg5 37. Rf1 a5 38. Kb2 Re6 39. d5 Rd6 40. Nd4 Rxd5
0-1

[Event "Snorlax # 19"]
[Site "SchemingMind.com"]
[Date "2009.02.11"]
[Round "-"]
[White "Joe Daudish"]
[Black "mapache"]
[Result "1/2-1/2"]
[WhiteCountry "USA"]
[BlackCountry "URU"]
[WhiteElo "1720"]
[WhiteRD "45"]
[BlackElo "1748"]
[BlackRD "108"]
[GameID "191592"]

1. d4 Nf6 2. Nf3 d5 3. Bf4 e6 4. h3 h6 5. e3 Be7 6. Bd3 O-O 7. O-O c5 8. c3 c4 9. Bc2 b5 10. a3 Nc6
11. Nbd2 Bb7 12. Re1 Na5 13. e4 dxe4 14. Nxe4 Nxe4 15. Bxe4 Bxe4 16. Rxe4 Bd6 17. Bxd6 Qxd6 18. Re5 a6 19. Qc2 Nc6 20. Re3 Ne7
21. Rae1 Nd5 22. Re4 Nf6=
1/2-1/2

[Event "Snorlax # 19"]
[Site "SchemingMind.com"]
[Date "2009.02.09"]
[Round "-"]
[White "aadaam"]
[Black "mapache"]
[Result "0-1"]
[WhiteCountry "INT"]
[BlackCountry "URU"]
[WhiteElo "1753"]
[WhiteRD "46"]
[BlackElo "1748"]
[BlackRD "108"]
[GameID "191593"]

1. d4 Nf6 2. c4 g6 3. Nc3 Bg7 4. e4 d6 5. Nf3 c5 6. Be2 cxd4 7. Nxd4 O-O 8. O-O Nbd7 9. f3 Nc5 10. b4 Na6
11. Rb1 Nc7 12. Nd5 Ncxd5 13. cxd5 Bd7 14. Be3 a6 15. Qb3 Ne8 16. Rfc1 Nc7 17. a4 e5 18. Nc2 f5 19. Bb6 Qb8 20. b5 Bf6
21. Bxc7 Qxc7 22. Nb4 Qb6+ 23. Kh1 a5 24. Qa3 axb4
0-1